00864nam a2200205 i 4500001000700000003000700007005001700014008004100031080002100072100004500093245005300138260006900191300002200260490004300282710003500325830005100360852010500411999001900516952012300535187185SpMaBN20250821063116.0170428s1911 sp |||| | spa d a821.134.2-31"18"1 aGómez, Valentín, d1843-1907915309313aEl hijo del labriego / cpor Valentín Gómez. aMadrid : bAdministración del Apostolado de la Prensa, c1911. a598 p. ; c19 cm.1 aBiblioteca del Apostolado de la Prensa2 aApostolado de la Prensa.914030 aBiblioteca del Apostolado de la Prensa9225530 aES-MaACLjL-31519 z- enc. cart. z. - Donat. herederos de la bibl. de Mª del Pilar Costa Palacín c187185d187185 00104070aATENEOMbATENEOMcDEPO2d2017-04-28eDONl0oL-31519p1197505r2023-02-23 00:00:00w2023-02-23yMONOGRAFIA